000 00750nam a22001817a 4500
003 UA-OsUOA
001 17139
007 ta
008 20040211b un ||||| |||| 00| 0 ukr d
100 _aНовак В.
942 _cSA
040 _aUA-OsUOA
_cUA-OsUOA
_dUA-OsUOA
245 _a"Сучасна школа має бути школою для всіх і кожного"
_bПідсумки та перспективи :[Інтерв'ю з начальником упр. освіти Рівнен. міськвиконкому В.Новаком]/ Розмовляла В.Гордич
300 _aС.7
955 _a0
773 0 _w0
_tСім днів
_dРівне
_d2004
_g№1/ 2січ./
650 7 _aКраєзнавча робота
_2UDC
999 _c303307
_d303307